000 00609cam a22002293a 4500
001 12831
003 PGUSA
005 20140828083258.0
008 040706s2004||||xxu|||||s|||||000 1 eng d
040 _aPGUSA
_beng
042 _adc
050 4 _aPT
100 1 _aBang, Herman,
_d1857-1912
245 1 0 _aDet hvide Hus
_h[electronic resource] /
_cHerman Bang
260 _bProject Gutenberg,
_c2004
506 _aPublic domain in the USA.
516 _aElectronic text
653 _aDanish fiction
830 0 _aProject Gutenberg
_v12831
856 4 0 _uhttp://www.gutenberg.org/ebooks/12831
942 _cEB
999 _c242086
_d242086